The simpsons Quiz Stats

 Plays Quiz not verified by Sporcle

Score 0/10 Timer 05:00
0 Plays Today
Hint Answer % Correct
Who is Homer's wife?Marge
100%
Who is the smartest simpson?Lisa
97.2%
Who is Homer's neighbor?Ned Flanders
94.4%
Who is Homer's oldest child?Bart
94.4%
Who is Bart's best friend?Milhouse
91.7%
Who is Homer's dad?Abraham
91.7%
Who is the school bully?Nelson
88.9%
Where does Homer work?nuclear power plant
66.7%
Where does Homer spend his time?Moe's Tavern
66.7%
What is Homer's least favorite Tv channel?The Fox Network
5.6%

You're not logged in!

Compare scores with friends on all Sporcle quizzes.
OR
Log In

Show Comments

Extras

Created Mar 6, 2014ReportNominate

Top Quizzes Today


Score Distribution

Your Account Isn't Verified!

In order to create a playlist on Sporcle, you need to verify the email address you used during registration. Go to your Sporcle Settings to finish the process.

Report this User

Report this user for behavior that violates our Community Guidelines.

Details: